[Event "BI-2014-P-0030"]
[Site "LSS email"]
[Date "2014.04.19"]
[Round "?"]
[White "Davydov, Andrej"]
[Black "Kremer Pineiro, Pablo Miguel"]
[Result "1-0"]
[WhiteElo "1894"]
[BlackElo "1682"]
[PlyCount "51"]
[EventDate "2014.04.25"]
[EventType "tourn (corr)"]
[EventRounds "10"]
[EventCountry "GER"]
[SourceTitle "Corr 2015"]
[Source "ChessBase"]
[SourceDate "2015.07.17"]
[SourceVersion "1"]
[SourceVersionDate "2015.07.17"]
[SourceQuality "1"]

1. d4 d5 2. c4 dxc4 3. Nc3 a6 4. e3 Nf6 5. Bxc4 e6 6. Qf3 Nc6 7. Nge2 Be7 8. 0-0 0-0 9. Rd1 Na5 10. Bd3 Bd7 11. e4 e5 12. dxe5 Ng4 13. e6 Bxe6 14. h3 Ne5 15. Qg3 Bd6 16. Bc2 f6 17. Nd4 Qe7 18. Nd5 Qd7 19. Nf4 Bf7 20. Nf5 Ng6 21. h4 Qc6 22. Bd3 Qe8 23. h5 Be5 24. Qg4 Bxf4 25. Bxf4 Be6 26. hxg6 1-0

[Event "BI-2014-P-0030"]
[Site "LSS email"]
[Date "2014.04.19"]
[Round "?"]
[White "Kremer Pineiro, Pablo Miguel"]
[Black "Csoma, Balint"]
[Result "1-0"]
[WhiteElo "1682"]
[BlackElo "1023"]
[PlyCount "37"]
[EventDate "2014.04.25"]
[EventType "tourn (corr)"]
[EventRounds "10"]
[EventCountry "GER"]
[SourceTitle "Corr 2015"]
[Source "ChessBase"]
[SourceDate "2015.07.17"]
[SourceVersion "1"]
[SourceVersionDate "2015.07.17"]
[SourceQuality "1"]

1. b3 b6 2. Bb2 Bb7 3. e3 e6 4. c4 c5 5. Nf3 Nf6 6. g3 g6 7. Bg2 Bg7 8. 0-0 0-0 9. d4 d5 10. dxc5 dxc4 11. cxb6 cxb3 12. bxa7 Rxa7 13. axb3 Rxa1 14. Qxd8 Rxd8 15. Bxa1 Rd3 16. Rc1 Nd5 17. Bxg7 Kxg7 18. Nfd2 Na6 19. Be4 1-0

[Event "BI-2014-P-0030"]
[Site "LSS email"]
[Date "2014.04.19"]
[Round "?"]
[White "Kremer Pineiro, Pablo Miguel"]
[Black "Grammatica, Andrea"]
[Result "1/2-1/2"]
[WhiteElo "1682"]
[BlackElo "2111"]
[PlyCount "39"]
[EventDate "2014.04.25"]
[EventType "tourn (corr)"]
[EventRounds "10"]
[EventCountry "GER"]
[SourceTitle "Corr 2015"]
[Source "ChessBase"]
[SourceDate "2015.07.17"]
[SourceVersion "1"]
[SourceVersionDate "2015.07.17"]
[SourceQuality "1"]

1. b3 e5 2. Bb2 d6 3. c4 Nf6 4. d3 Be7 5. Nd2 0-0 6. Ngf3 h6 7. e3 Bf5 8. Be2 a5 9. h3 Na6 10. 0-0 c6 11. a3 Bh7 12. Re1 Nc5 13. d4 exd4 14. exd4 Ne6 15. g3 Re8 16. Rc1 Qb6 17. Nf1 Be4 18. Ne3 Nd7 19. Nd2 Bg6 20. Bg4 1/2-1/2

[Event "BI-2014-P-0030"]
[Site "LSS email"]
[Date "2014.04.19"]
[Round "?"]
[White "Larin, Igor Yaroslavovich"]
[Black "Kremer Pineiro, Pablo Miguel"]
[Result "1-0"]
[WhiteElo "2190"]
[BlackElo "1682"]
[PlyCount "83"]
[EventDate "2014.04.25"]
[EventType "tourn (corr)"]
[EventRounds "10"]
[EventCountry "GER"]
[SourceTitle "Corr 2015"]
[Source "ChessBase"]
[SourceDate "2015.07.17"]
[SourceVersion "1"]
[SourceVersionDate "2015.07.17"]
[SourceQuality "1"]

1. d4 d5 2. c4 dxc4 3. e3 e5 4. Bxc4 Nd7 5. Nc3 Bd6 6. Nf3 exd4 7. exd4 Nb6 8. Bb3 Nf6 9. 0-0 0-0 10. Re1 c6 11. Bg5 h6 12. Bh4 Bg4 13. h3 Bxf3 14. Qxf3 Be7 15. Rad1 Nfd5 16. Bg3 Bb4 17. Be5 Re8 18. Re4 Bd6 19. a4 a5 20. Qg3 Bxe5 21. dxe5 Qc7 22. Bxd5 cxd5 23. Nxd5 Nxd5 24. Rxd5 Rad8 25. Rb5 Re6 26. Rg4 Rd1+ 27. Kh2 g6 28. Qe3 Kg7 29. Rh4 h5 30. Rd4 Rxd4 31. Qxd4 b6 32. b3 Qc1 33. Rxb6 Rxb6 34. e6+ Kf8 35. Qxb6 fxe6 36. Qb8+ Kf7 37. b4 axb4 38. Qxb4 g5 39. Qd6 Qe1 40. Qc5 h4 41. a5 Qe2 42. Qc7+ 1-0

[Event "BI-2014-P-0030"]
[Site "LSS email"]
[Date "2014.04.19"]
[Round "?"]
[White "Parente, Antonio Manuel Peix"]
[Black "Kremer Pineiro, Pablo Miguel"]
[Result "1/2-1/2"]
[WhiteElo "1579"]
[BlackElo "1682"]
[PlyCount "43"]
[EventDate "2014.04.25"]
[EventType "tourn (corr)"]
[EventRounds "10"]
[EventCountry "GER"]
[SourceTitle "Corr 2015"]
[Source "ChessBase"]
[SourceDate "2015.07.17"]
[SourceVersion "1"]
[SourceVersionDate "2015.07.17"]
[SourceQuality "1"]

1. d4 d5 2. c4 dxc4 3. Nf3 a6 4. e3 Nf6 5. Bxc4 e6 6. 0-0 b5 7. Be2 Bd7 8. Ne5 Nc6 9. Bf3 Nd5 10. Nxd7 Qxd7 11. Nc3 Bb4 12. Nxd5 exd5 13. a3 Bd6 14. Bd2 Ne7 15. e4 dxe4 16. Bxe4 Rd8 17. Qc2 f5 18. Bf3 0-0 19. Rfe1 Kh8 20. Rac1 Ng6 21. Bg5 Rde8 22. Red1 1/2-1/2